Т. 20, № 3; Океанология

Bibliografiske detaljer
Parent link:Океанология=Okeanologiya: научный журнал/ Академия наук СССР (АН СССР). Т. 20, № 3.— , 1973-1995.— 0030-1574
Sprog:russisk
Udgivet: 1980
Format: Bog
KOHA link:https://koha.lib.tpu.ru/cgi-bin/koha/opac-detail.pl?biblionumber=508510

MARC

LEADER 00000nam2a2200000 4500
001 508510
005 20231101103657.0
035 |a (RuTPU)RU\TPU\prd\180300 
035 |a RU\TPU\prd\180298 
090 |a 508510 
100 |a 20130604a19809999k y0rusy50 ca 
101 0 |a rus 
102 |a RU 
200 0 |a Т. 20, № 3 
210 |d 1980 
461 1 |0 (RuTPU)RU\TPU\prd\282  |x 0030-1574  |t Океанология  |l Okeanologiya  |o научный журнал  |f Академия наук СССР (АН СССР)  |v Т. 20, № 3  |d 1973-1995 
801 0 |a RU  |b 63413507  |c 20010227  |g PSBO 
801 1 |a RU  |b 63413507  |c 20130603 
801 2 |a RU  |b 63413507  |c 20130604  |g RCR 
942 |c BK 
999 |a НТБ_ТПУ  |b НФ  |e -4/20130109  |p П-6387  |u 0,00  |v 1